Fool's Gold - One Direction (All Lyrics) - Statistics

General Stats
  • This quiz has been taken 287 times
  • The average score is 208 of 237
Answer Stats
Fools Gold % Correct
I
99%
you
99%
a
98%
Verse 1 | Verse 2 I'm
98%
me
98%
that
98%
Fool's
97%
for
97%
gold
97%
the
97%
falling
95%
on
95%
Chorus | Pre-Chorus And
94%
and
94%
Pre-Chorus But
94%
met
93%
not
93%
we
92%
done
91%
your
91%
first
90%
yet
90%
know
88%
day
87%
every
87%
from
86%
knew
86%
oh
86%
it
85%
yeah
85%
Bridge Yeah
85%
let
84%
like
84%
use
84%
You're
84%
don't
83%
in
83%
my
82%
everyone
80%
heart
79%
regret
79%
wire
79%
to
77%
star
75%
makes
74%
of
74%
can't
73%
see
73%
water
73%
crow
72%
admit
71%
fly
71%
just
71%
boat
69%
front
69%
constant
68%
distraction
68%
time
68%
turned
68%
beauty
66%
get
65%
lost
65%
moving
65%
reckless
65%
shining
65%
part
64%
feel
61%
two
61%
way
61%
feet
60%
real
57%
That's
57%
that's
57%
mind
56%
waves
56%
feels
54%
love's
54%
calm
47%
home
35%
raise
18%
No matching quizzes found
Score Distribution
Percent of People with Each Score
Percentile by Number Answered
Your Score History
You have not taken this quiz